|
|
|
|
| LEADER |
00000nam a2200000Ia 4500 |
| 008 |
170228b2008 cr ||||| |||| 00| | spa d |
| 999 |
|
|
|c 2190
|d 2190
|
| 090 |
|
|
|a 15.04.03
|b 1766
|
| 100 |
1 |
|
|a Araya Umaña, Sandra
|9 944
|
| 245 |
1 |
0 |
|a Representación social de la discapacidad y la maternidad en las madres de niñas y niños con retraso mental y otras discapacidades asociadas/
|c Sandra Araya Umaña
|
| 260 |
|
|
|a Costa Rica :
|b IMEC,
|c 2008
|
| 300 |
|
|
|a 88 páginas
|
| 500 |
|
|
|a Informe Parcial Proyecto de Investigación N° 724-A8-107 (cerrado)
|
| 650 |
1 |
4 |
|a INCAPACIDAD
|9 2495
|
| 650 |
1 |
4 |
|a MATERNIDAD
|9 2496
|
| 650 |
1 |
4 |
|a MADRES
|9 1614
|
| 650 |
1 |
4 |
|a DEFICIENCIA MENTAL
|9 2497
|
| 650 |
1 |
4 |
|9 5
|a ADOLESCENTES
|
| 942 |
|
|
|i 002861
|h 15.04.03 1766
|2 z
|c 04
|